The decorative art of today

Saved in:
Bibliographic Details
Main Author: Le Corbusier, 1887-1965
Other Authors: Dunnett, James I. (Translator)
Format: Book
Language:English
French
Published: London : Architectural , 1987.
Subjects:
Tags: Add Tag
No Tags, Be the first to tag this record!

MARC

LEADER 00000cam a2200000 i 4500
001 1/64520
008 930930s1987 enk| ||| |||| ||eng||
020 |a 0851390153 
035 |a ΛΕΣΒΟΣb10001400  |l 10001400 
040 |a GR-MyUA  |b gre  |e AACR2 
041 1 |a eng  |h fre 
082 0 |a 729 
100 0 |a Le Corbusier,   |d 1887-1965. 
245 1 4 |a The decorative art of today /   |c Le Corbusier ; translated and indroduced by James I. Dunnett.  
260 |a London :   |b Architectural ,   |c 1987.  
300 |a 214 σ. ;   |c 23.50 εκ.  
500 |a Τίτλος πρωτοτύπου: L' art decoratif d' aujourd' hui.  
650 0 0 |a Decoration and ornament, Architectural. 
700 1 |a Dunnett, James I.  |e trl 
852 |a INST  |b LESVOS  |e 19930930  |h 729 LEC  |p 005100004873  |q 005100004873  |t BK  |y 0 
909 |a Λ  |b 020265